[Event "4NCL/Div4/AMCAD vs. GUI4"]
[Site "Wokefield Park ENG"]
[Date "2008.05.04"]
[Round "10.4"]
[White "Punnett, Alan K"]
[Black "McCullough, Simon L"]
[Result "1/2-1/2"]
[WhiteElo "2096"]
[BlackElo "1976"]
[PlyCount "124"]
[EventDate "2008.05.04"]
[EventType "team"]
[EventRounds "11"]
[EventCountry "ENG"]
[SourceDate "2007.09.15"]

1. Nf3 Nf6 2. g3 b6 3. Bg2 Bb7 4. O-O e6 5. d3 d5 6. b3 Nbd7 7. Bb2 Bd6 8. c4
O-O 9. Nc3 c5 10. e3 Qe7 11. Nh4 g6 12. f4 Rab8 13. Nb5 a6 14. Nxd6 Qxd6 15.
Nf3 d4 16. e4 Ng4 17. Bc1 Rbd8 18. Qe2 f5 19. h3 Nh6 20. Ng5 fxe4 21. Bxe4 Bxe4
22. Qxe4 Rde8 23. Bd2 Nf5 24. Kh2 e5 25. Rae1 h6 26. Nf3 exf4 27. Qxf4 Qxf4 28.
Bxf4 g5 29. Bc1 Ne3 30. Bxe3 dxe3 31. Kg2 Nb8 32. d4 Nc6 33. Ne5 Rxf1 34. Kxf1
Rf8+ 35. Kg1 Nxd4 36. Rxe3 Re8 37. Ng4 Ne2+ 38. Kf2 Rxe3 39. Nxe3 Nc1 40. Nd5
Nxa2 41. Ke3 Nc1 42. b4 cxb4 43. Nxb4 a5 44. Nd5 a4 45. Kd2 Nb3+ 46. Kc3 Nc5
47. Nxb6 Ne4+ 48. Kb4 a3 49. Kxa3 Kf7 50. g4 Ke7 51. Kb4 Kd6 52. Nd5 Nf2 53.
Ne3 Kc6 54. Nf5 Nxh3 {=} 55. Nd4+ Kd7 56. Nf5 Nf2 57. Nxh6 Kc6 58. Kc3 Kc5 59.
Kb3 Ne4 60. Nf7 Nd2+ 61. Kc3 Nxc4 62. Nxg5 Ne5 1/2-1/2

[Event "4NCL/Div4/AMCAD vs. GUI4"]
[Site "Wokefield Park ENG"]
[Date "2008.05.04"]
[Round "10.5"]
[White "Duvall, Ian"]
[Black "Shepley, Julien M"]
[Result "1-0"]
[WhiteElo "2045"]
[BlackElo "2123"]
[PlyCount "93"]
[EventDate "2008.05.04"]
[EventType "team"]
[EventRounds "11"]
[EventCountry "ENG"]
[SourceDate "2007.09.15"]

1. d4 Nf6 2. c4 e5 3. dxe5 Ng4 4. Bf4 Nc6 5. Nf3 Bb4+ 6. Nbd2 Qe7 7. e3 Ngxe5
8. Nxe5 Nxe5 9. a3 Bxd2+ 10. Qxd2 O-O 11. Be2 d6 12. O-O b6 13. Rfd1 Bb7 14.
Rac1 f5 15. h3 Rae8 16. Rc2 g5 17. Bxe5 Qxe5 18. Qd4 Qe4 19. Qxe4 Bxe4 20. Bd3
f4 21. exf4 Bxd3 22. Rxd3 Rxf4 23. Rg3 h6 24. Rg4 Re1+ 25. Kh2 Rxg4 26. hxg4
Kf7 27. Kg3 Ke6 28. f3 a5 29. Kf2 Re5 30. Re2 c6 31. Rxe5+ dxe5 32. Ke3 a4 33.
Ke4 Kd6 34. Kf5 Kc5 35. Kxe5 Kxc4 36. g3 Kb3 37. f4 gxf4 38. gxf4 Kxb2 39. f5
Kxa3 40. f6 Kb3 41. f7 a3 42. f8=Q a2 43. Qf3+ Kb2 44. Qf2+ Ka3 45. Qe3+ Ka4
46. Qc3 b5 47. Qb2 1-0

[Event "4NCL/Div4/AMCAD vs. GUI4"]
[Site "Wokefield Park ENG"]
[Date "2008.05.04"]
[Round "10.6"]
[White "Stimpson, Philip M"]
[Black "Staples, Daniel J"]
[Result "1/2-1/2"]
[WhiteElo "2075"]
[BlackElo "2050"]
[PlyCount "91"]
[EventDate "2008.05.04"]
[EventType "team"]
[EventRounds "11"]
[EventCountry "ENG"]
[SourceDate "2007.09.15"]

1. e4 c5 2. Nc3 Nc6 3. Nf3 e6 4. Bb5 Nge7 5. O-O a6 6. Bxc6 Nxc6 7. d4 cxd4 8.
Nxd4 Be7 9. Nxc6 dxc6 10. Qxd8+ Bxd8 11. Bf4 f6 12. Bd6 e5 13. a4 Be7 14. Rfd1
Bxd6 15. Rxd6 Ke7 16. Rad1 a5 17. f3 Be6 18. Kf2 Rhd8 19. Rxd8 Rxd8 20. Rxd8
Kxd8 21. b3 Kc7 22. Ke3 Kd6 23. g4 Kc5 24. Kd3 g6 25. h4 f5 26. exf5 gxf5 27.
g5 Bf7 28. Ne2 b5 29. Ng3 bxa4 30. bxa4 f4 31. Ne4+ Kb4 32. Nf6 Bg6+ 33. Kd2
Kxa4 34. h5 Bf5 35. Nxh7 Kb4 36. Nf8 a4 37. g6 a3 38. g7 a2 39. g8=Q a1=Q 40.
Qb3+ Kc5 41. Qc3+ Qxc3+ 42. Kxc3 e4 43. fxe4 f3 44. Kd3 Bxe4+ 45. Ke3 Bxc2 46.
h6 1/2-1/2

[Event "4NCL/Div4/OXF2 vs. NOTT1"]
[Site "Wokefield Park ENG"]
[Date "2008.05.04"]
[Round "10.1"]
[White "Rawlinson, Aidan"]
[Black "Richmond, Robert J"]
[Result "1-0"]
[WhiteElo "2233"]
[BlackElo "2243"]
[PlyCount "35"]
[EventDate "2008.05.04"]
[EventType "team"]
[EventRounds "11"]
[EventCountry "ENG"]
[SourceDate "2007.09.15"]

1. e4 e6 2. d4 d5 3. Nc3 Bb4 4. e5 c5 5. a3 Bxc3+ 6. bxc3 Qc7 7. Qg4 f5 8. Qg3
cxd4 9. cxd4 Ne7 10. c3 O-O 11. Ne2 Nbc6 12. Nf4 Na5 13. Rb1 Bd7 14. h4 Rac8
15. Rh3 Rf7 16. Be2 Qc6 {=} 17. Bh5 Rff8 18. Qg5 1-0

[Event "4NCL/Div4/OXF2 vs. NOTT1"]
[Site "Wokefield Park ENG"]
[Date "2008.05.04"]
[Round "10.2"]
[White "Mercs, Peter J"]
[Black "Dickinson, Timothy R"]
[Result "1-0"]
[WhiteElo "2077"]
[BlackElo "2167"]
[PlyCount "33"]
[EventDate "2008.05.04"]
[EventType "team"]
[EventRounds "11"]
[EventCountry "ENG"]
[SourceDate "2007.09.15"]

1. e4 c6 2. d4 d5 3. exd5 cxd5 4. c4 Nf6 5. Nc3 e6 6. Nf3 Bb4 7. cxd5 Nxd5 8.
Qc2 Nc6 9. a3 Be7 10. Bd3 Nf6 11. O-O Nxd4 12. Nxd4 Qxd4 13. Nb5 Qc5 14. Nc7+
Kd8 15. Nxa8 Qxc2 16. Bxc2 Bd6 17. Be3 1-0

[Event "4NCL/Div4/OXF2 vs. NOTT1"]
[Site "Wokefield Park ENG"]
[Date "2008.05.04"]
[Round "10.3"]
[White "Bruce, Dave"]
[Black "Walker, Andrew N"]
[Result "1-0"]
[WhiteElo "2084"]
[BlackElo "2040"]
[PlyCount "75"]
[EventDate "2008.05.04"]
[EventType "team"]
[EventRounds "11"]
[EventCountry "ENG"]
[SourceDate "2007.09.15"]

1. e4 e5 2. Nf3 Nc6 3. Bc4 Bc5 4. c3 Nf6 5. d3 O-O 6. O-O d6 7. Nbd2 Qe7 8. h3
Bb6 9. Bb3 Be6 10. Nc4 h6 11. Re1 Na5 12. Nxa5 Bxa5 13. d4 Bb6 14. Bc2 Bd7 15.
b3 Bc6 16. Ba3 exd4 17. e5 Nd7 18. Qd3 g6 19. exd6 Qf6 20. dxc7 Rfe8 21. cxd4
Bxf3 22. Qxf3 Qxd4 23. Rxe8+ Rxe8 24. Rd1 Bxc7 25. Kf1 Qe5 26. g3 Nf6 27. Bd3
Bb6 28. Bc4 Re7 29. Bxe7 Qxe7 30. Re1 Qd6 31. Qxb7 Nd7 32. Qe4 Nf6 33. Qxg6+
Kf8 34. Qxh6+ Kg8 35. Qg6+ Kh8 36. Qxf7 Qd4 37. Re8+ Nxe8 38. Qg8# 1-0

[Event "4NCL/Div4/OXF2 vs. NOTT1"]
[Site "Wokefield Park ENG"]
[Date "2008.05.04"]
[Round "10.4"]
[White "Truman, Richard G"]
[Black "Duggan, Chris"]
[Result "1-0"]
[WhiteElo "2032"]
[BlackElo "2058"]
[PlyCount "45"]
[EventDate "2008.05.04"]
[EventType "team"]
[EventRounds "11"]
[EventCountry "ENG"]
[SourceDate "2007.09.15"]

1. d4 Nf6 2. c4 e6 3. Nc3 Bb4 4. e3 b6 5. Nge2 c5 6. a3 Ba5 7. Rb1 Na6 8. Bd2
O-O 9. d5 d6 10. Ng3 Rb8 11. Bd3 Bxc3 12. Bxc3 Nc7 13. e4 b5 14. O-O bxc4 15.
Bxc4 exd5 16. exd5 Bb7 17. Nf5 Ncxd5 18. Bxd5 Bxd5 19. Bxf6 Qxf6 20. Qxd5 Rxb2
21. Rxb2 Qxb2 22. Qxd6 c4 23. Ne7+ 1-0

[Event "4NCL/Div4/OXF2 vs. NOTT1"]
[Site "Wokefield Park ENG"]
[Date "2008.05.04"]
[Round "10.5"]
[White "Burt, Will"]
[Black "Kingston, Ian"]
[Result "1/2-1/2"]
[WhiteElo "2080"]
[BlackElo "2025"]
[PlyCount "39"]
[EventDate "2008.05.04"]
[EventType "team"]
[EventRounds "11"]
[EventCountry "ENG"]
[SourceDate "2007.09.15"]

1. e4 e5 2. f4 exf4 3. Bc4 Ne7 4. Nc3 Ng6 5. Nf3 Be7 6. O-O O-O 7. d4 d6 8. Ne2
c5 9. Nxf4 Nc6 10. Nxg6 hxg6 11. Be3 Bg4 12. Qd2 Bxf3 13. Rxf3 cxd4 14. Bxd4
Nxd4 15. Qxd4 Bf6 16. Qd5 Qb6+ {=} 17. Kh1 Qc5 18. Raf1 Rac8 19. b3 Qxd5 20.
exd5 1/2-1/2

[Event "4NCL/Div4/OXF2 vs. NOTT1"]
[Site "Wokefield Park ENG"]
[Date "2008.05.04"]
[Round "10.6"]
[White "Webster, Richard J"]
[Black "Ludbrook, Matt"]
[Result "1-0"]
[WhiteElo "1976"]
[BlackElo "2034"]
[PlyCount "83"]
[EventDate "2008.05.04"]
[EventType "team"]
[EventRounds "11"]
[EventCountry "ENG"]
[SourceDate "2007.09.15"]

1. e4 e6 2. d4 d5 3. e5 c5 4. c3 Qb6 5. a3 Nc6 6. Nf3 c4 7. Nbd2 Na5 8. h4 Bd7
9. g3 Nb3 10. Nxb3 Ba4 11. Bg2 Bxb3 12. Qe2 Ne7 13. O-O h6 14. Ne1 Nf5 15. Qg4
O-O-O 16. Bf3 Be7 17. Bd1 Rdg8 18. Bc2 g6 19. Qd1 Bxc2 20. Nxc2 h5 21. Ne3 Nxe3
22. fxe3 g5 23. Rxf7 gxh4 24. Rxe7 Rxg3+ 25. Kh2 Qd8 26. Rf7 Rhg8 27. Bd2 Rg2+
28. Kh1 h3 29. e4 Qh4 30. Qf3 Rxd2 31. Rf8+ Rxf8 32. Qxf8+ Kd7 33. Qd6+ Ke8 34.
Qxe6+ Kd8 35. Qxd5+ Ke8 36. Qe6+ Kd8 37. Qf6+ Qxf6 38. exf6 Rf2 39. e5 Kd7 40.
Re1 Ke6 41. Re3 Rxb2 42. Rf3 1-0

[Event "4NCL/Div4/GLOSG vs. FCA2"]
[Site "Wokefield Park ENG"]
[Date "2008.05.04"]
[Round "10.1"]
[White "Lambourne, Daniel M"]
[Black "Adebajo, Femi"]
[Result "1/2-1/2"]
[WhiteElo "2100"]
[BlackElo "2022"]
[PlyCount "136"]
[EventDate "2008.05.04"]
[EventType "team"]
[EventRounds "11"]
[EventCountry "ENG"]
[SourceDate "2007.09.15"]

1. c4 e6 2. g3 f5 3. Nf3 Nf6 4. Bg2 d5 5. cxd5 exd5 6. O-O Bd6 7. d4 O-O 8. Nc3
c6 9. Bg5 h6 10. Bd2 Qe7 11. Qc1 Nbd7 12. Nh4 Qe6 13. Bxh6 gxh6 14. Qxh6 Rf7
15. Qg6+ Rg7 16. Qxf5 Qf7 17. Qd3 Nf8 18. e4 dxe4 19. Nxe4 Nxe4 20. Qxe4 Be6
21. b3 Bd5 22. Qf5 Bxg2 23. Kxg2 Qe7 24. Nf3 Ng6 25. Rfe1 Qc7 26. Kf1 Rf8 27.
Qe6+ Kh8 28. Ng5 Bxg3 29. Qh3+ Bh4 30. Re2 Qa5 31. Ne6 Qh5 32. Nxg7 Qxe2+ 33.
Kxe2 Nf4+ 34. Kf3 Nxh3+ 35. Kg4 Nxf2+ 36. Kxh4 Kxg7 37. Rg1+ Kh6 38. Kg3 Ne4+
39. Kh3 Rf2 40. Re1 Ng5+ 41. Kg3 Rxa2 42. h4 Nh7 43. Re6+ Kh5 44. Re7 Nf6 45.
Rxb7 Nd5 46. Rh7+ Kg6 47. Rd7 Nb4 48. Kg4 Rg2+ 49. Kf3 Ra2 50. Kg4 Rg2+ 51. Kf3
Rb2 52. Rxa7 Rxb3+ 53. Kg4 Rd3 54. Rd7 Rd1 55. h5+ Kf6 56. h6 Rg1+ 57. Kf4 Nd5+
58. Kf3 Ne7 59. Rd6+ Kf7 60. Ke4 Rh1 61. Kf4 Rh2 62. Kg5 Rg2+ 63. Kf4 Rf2+ 64.
Ke4 Rh2 65. Kf4 Re2 66. Kg5 Kg8 67. Kf6 Nd5+ 68. Kg6 Ne7+ 1/2-1/2

[Event "4NCL/Div4/GLOSG vs. FCA2"]
[Site "Wokefield Park ENG"]
[Date "2008.05.04"]
[Round "10.2"]
[White "Majer, Chris E"]
[Black "Ponter, Ian"]
[Result "1-0"]
[WhiteElo "2077"]
[BlackElo "2052"]
[PlyCount "119"]
[EventDate "2008.05.04"]
[EventType "team"]
[EventRounds "11"]
[EventCountry "ENG"]
[SourceDate "2007.09.15"]

1. e4 e5 2. Bc4 Nf6 3. d4 exd4 4. Nf3 Nc6 5. e5 d5 6. Bb5 Ne4 7. Nxd4 Bd7 8.
Bxc6 bxc6 9. O-O Bc5 10. f3 Ng5 11. f4 Ne4 12. Be3 Bb6 13. Nd2 Nxd2 14. Qxd2 c5
15. Nb3 d4 16. Bf2 Bc6 17. c4 a5 18. Nc1 Qd7 19. Nd3 O-O 20. Bg3 Qf5 21. Nf2 a4
22. Qd3 Qxd3 23. Nxd3 Be4 24. Rad1 Bf5 25. h3 Rab8 26. Bh4 h5 27. Rf2 Rfe8 28.
Kh2 c6 29. Kg1 Rb7 30. Kf1 Reb8 31. Ke2 Bxd3+ 32. Rxd3 Ba5 33. Ra3 Rxb2+ 34.
Kd3 Rxf2 35. Bxf2 Rb2 36. Rxa4 Rxf2 37. Rxa5 Rxg2 38. Rxc5 Rxa2 39. Rxc6 Ra3+
40. Kxd4 Rxh3 41. Rc8+ Kh7 42. f5 Rh1 43. e6 fxe6 44. fxe6 Re1 45. Kd5 h4 46.
Ra8 g5 47. c5 h3 48. Ra2 g4 49. Rh2 Kg8 50. c6 Rc1 51. Kd6 Kf8 52. Ra2 Rd1+ 53.
Ke5 g3 54. c7 Rc1 55. Ra8+ Ke7 56. c8=Q Rxc8 57. Rxc8 g2 58. Rc7+ Kf8 59. Kf6
Kg8 60. e7 1-0

[Event "4NCL/Div4/GLOSG vs. FCA2"]
[Site "Wokefield Park ENG"]
[Date "2008.05.04"]
[Round "10.3"]
[White "Hosken, Nigel"]
[Black "Kendall, Paul S N"]
[Result "1/2-1/2"]
[WhiteElo "2021"]
[BlackElo "2066"]
[PlyCount "100"]
[EventDate "2008.05.04"]
[EventType "team"]
[EventRounds "11"]
[EventCountry "ENG"]
[SourceDate "2007.09.15"]

1. d4 Nf6 2. c4 e6 3. Nc3 Bb4 4. Bg5 h6 5. Bh4 c5 6. d5 Bxc3+ 7. bxc3 d6 8. e3
Qe7 9. Bd3 Nbd7 10. Ne2 Kd8 11. dxe6 Qxe6 12. Nf4 Qe5 13. Nd5 g5 14. Bg3 Qe6
15. Qf3 g4 16. Qf5 Nxd5 17. cxd5 Qe7 18. Qxg4 Ne5 19. Qe2 Bg4 20. f3 Bd7 21.
O-O Kc7 22. e4 h5 23. Bb5 h4 24. Bxe5 Qxe5 25. Bxd7 Kxd7 26. Rab1 Rab8 27. Qd3
h3 28. f4 Qh5 29. g3 Qg6 30. Rfe1 Rhg8 31. Qf3 Kc7 32. Rb2 f6 33. e5 fxe5 34.
fxe5 Rbf8 35. Qe3 b6 36. c4 Kb7 37. e6 Qg4 38. e7 Re8 39. Qe4 Qd7 40. Rbe2 Rg4
41. Qe6 Kc7 42. Qxd7+ Kxd7 {=} 43. Re4 Rg5 44. Rh4 b5 45. cxb5 Rxd5 46. Rxh3 c4
47. a4 Rd2 48. g4 Ra2 49. Rd1 Rxe7 50. Rh6 Re6 1/2-1/2

[Event "4NCL/Div4/GLOSG vs. FCA2"]
[Site "Wokefield Park ENG"]
[Date "2008.05.04"]
[Round "10.4"]
[White "Elwin, Adrian G"]
[Black "Taylor, Geoffrey P"]
[Result "1-0"]
[WhiteElo "2022"]
[BlackElo "2041"]
[PlyCount "65"]
[EventDate "2008.05.04"]
[EventType "team"]
[EventRounds "11"]
[EventCountry "ENG"]
[SourceDate "2007.09.15"]

1. Nf3 d5 2. c4 e6 3. e3 Nf6 4. d4 c6 5. Nc3 Bd6 6. Bd3 O-O 7. O-O Nbd7 8. Qc2
Re8 9. e4 dxe4 10. Bxe4 Nxe4 11. Nxe4 Be7 12. Bf4 Nf8 13. c5 Ng6 14. Bd6 f5 15.
Bxe7 Nxe7 16. Nd6 Rf8 17. Ne5 Nd5 18. Qd2 Qe7 19. f4 b6 20. b4 Ba6 21. Rf3 Qc7
22. Re1 bxc5 23. dxc5 Rab8 24. a3 Rf6 25. Qd4 Bc8 26. Rg3 Kh8 27. Qf2 Ra8 28.
Rh3 a5 29. bxa5 Qxa5 30. Nec4 Qd8 31. Qh4 Qg8 32. Ne5 Ba6 33. Nef7+ 1-0

[Event "4NCL/Div4/GLOSG vs. FCA2"]
[Site "Wokefield Park ENG"]
[Date "2008.05.04"]
[Round "10.5"]
[White "Meade, Philip J"]
[Black "Valentine, Brian J"]
[Result "1/2-1/2"]
[WhiteElo "2020"]
[BlackElo "1995"]
[PlyCount "59"]
[EventDate "2008.05.04"]
[EventType "team"]
[EventRounds "11"]
[EventCountry "ENG"]
[SourceDate "2007.09.15"]

1. e4 e5 2. Nf3 Nc6 3. Bb5 Nf6 4. O-O Nxe4 5. Re1 Nd6 6. Bxc6 dxc6 7. Nxe5 Be7
8. d4 O-O 9. Bf4 Be6 10. Nd2 Nf5 11. Ndf3 c5 12. dxc5 Bxc5 13. Ng5 Qd4 14. Nd3
Bb6 15. Rxe6 fxe6 16. Nxe6 Qe4 17. Nxf8 Rxf8 18. Qe1 Qd5 19. Qe5 Qc6 20. Re1
Nd4 21. c3 Nf3+ 22. gxf3 Qg6+ 23. Bg3 Qxd3 24. Qe6+ Kh8 25. Qe4 Qd2 26. Re2
Qd1+ 27. Kg2 h6 28. Be5 Kg8 29. Qc4+ Kh7 30. Qe4+ 1/2-1/2

[Event "4NCL/Div4/GLOSG vs. FCA2"]
[Site "Wokefield Park ENG"]
[Date "2008.05.04"]
[Round "10.6"]
[White "Shaw, John S"]
[Black "Dodwell, Phil"]
[Result "1/2-1/2"]
[WhiteElo "1890"]
[BlackElo "2015"]
[PlyCount "48"]
[EventDate "2008.05.04"]
[EventType "team"]
[EventRounds "11"]
[EventCountry "ENG"]
[SourceDate "2007.09.15"]

1. d4 f5 2. Nc3 d5 3. e4 dxe4 4. f3 e5 5. dxe5 Bb4 6. Qxd8+ Kxd8 7. Bg5+ Ke8 8.
O-O-O Ne7 9. Bxe7 Bxe7 10. fxe4 fxe4 11. Nxe4 Bf5 12. Ng3 Be6 13. a3 a6 14. Nf3
Nc6 15. h3 g6 16. Bd3 Kf7 17. Rhf1 Kg7 18. Be4 Rad8 19. Rxd8 Rxd8 20. Rd1 Rxd1+
21. Kxd1 h6 22. Ke2 Bc4+ 23. Bd3 Bd5 24. Be4 Bc4+ 1/2-1/2

[Event "4NCL/Div4/WOB vs. SCS"]
[Site "Wokefield Park ENG"]
[Date "2008.05.04"]
[Round "10.1"]
[White "Healey, Michael"]
[Black "Haydon, David"]
[Result "0-1"]
[WhiteElo "2013"]
[BlackElo "2105"]
[PlyCount "68"]
[EventDate "2008.05.04"]
[EventType "team"]
[EventRounds "11"]
[EventCountry "ENG"]
[SourceDate "2007.09.15"]

1. e4 c6 2. d4 d5 3. e5 Bf5 4. g4 Bg6 5. h4 h5 6. Be2 hxg4 7. Bxg4 e6 8. h5 Bh7
9. Nc3 Nh6 10. Bxh6 gxh6 11. f4 Na6 12. a3 Rg8 13. Be2 Rxg1+ 14. Rxg1 Qh4+ 15.
Kf1 Qxf4+ 16. Ke1 Be7 17. Qd2 Qh4+ 18. Kd1 Bg5 19. Rxg5 hxg5 20. b4 Nc7 21. b5
cxb5 22. Bxb5+ Nxb5 23. Nxb5 Qh1+ 24. Qe1 Qxe1+ 25. Kxe1 Ke7 26. Nd6 f5 27.
Nxb7 f4 28. Rb1 Rb8 29. h6 g4 30. Kf2 Be4 31. Rb3 g3+ 32. Kg1 f3 33. Nd6 Rxb3
34. cxb3 f2+ 0-1

[Event "4NCL/Div4/WOB vs. SCS"]
[Site "Wokefield Park ENG"]
[Date "2008.05.04"]
[Round "10.2"]
[White "Baptie, Justin P"]
[Black "Vaughan, David"]
[Result "1-0"]
[WhiteElo "2097"]
[BlackElo "2043"]
[PlyCount "73"]
[EventDate "2008.05.04"]
[EventType "team"]
[EventRounds "11"]
[EventCountry "ENG"]
[SourceDate "2007.09.15"]

1. e4 e5 2. Nf3 d6 3. d4 Nf6 4. Nc3 Nbd7 5. Bc4 Be7 6. O-O O-O 7. Qe2 c6 8. a4
Qc7 9. a5 h6 10. h3 Re8 11. d5 c5 12. Bb5 a6 13. Bxd7 Bxd7 14. Nd2 Nh7 15. Nc4
Bg5 16. Bxg5 hxg5 17. Ra3 Nf8 18. Qh5 f6 19. Rb3 Red8 20. Nb6 Rab8 21. h4 Be8
22. Qg4 gxh4 23. Ne2 Qf7 24. Qxh4 Qh5 25. Qxh5 Bxh5 26. Ng3 Bg6 27. Nc4 Kf7 28.
Re1 Nh7 29. f4 Ke7 30. fxe5 fxe5 31. Ne3 Nf6 32. Nef5+ Kf7 33. Rb6 Ne8 34. Rf1
Kg8 35. Ne7+ Kh7 36. Kf2 Rd7 37. Rh1+ 1-0

[Event "4NCL/Div4/WOB vs. SCS"]
[Site "Wokefield Park ENG"]
[Date "2008.05.04"]
[Round "10.3"]
[White "Zhu, Yao Yao"]
[Black "Heard, Andrew H"]
[Result "1-0"]
[WhiteElo "1997"]
[BlackElo "2010"]
[PlyCount "75"]
[EventDate "2008.05.04"]
[EventType "team"]
[EventRounds "11"]
[EventCountry "ENG"]
[SourceDate "2007.09.15"]

1. e4 e6 2. d4 d5 3. exd5 exd5 4. Bd3 Nf6 5. h3 Bd6 6. Nf3 Qe7+ 7. Be3 O-O 8.
O-O Ne4 9. b3 Nd7 10. c4 c6 11. Qc2 f5 12. Nc3 Bb4 13. Ne2 Ndf6 14. c5 Bd7 15.
a3 Ba5 16. Ne5 Bc7 17. b4 Bxe5 18. dxe5 Nh5 19. f4 g6 20. Rad1 Nhg3 21. Nxg3
Nxg3 22. Rf3 Ne4 23. Bxe4 fxe4 24. Rf2 Be6 25. Qe2 a5 26. b5 Qd7 27. b6 a4 28.
Rd4 Ra6 29. Qd1 Rfa8 30. g4 Kh8 31. Kh2 Ra5 32. Rb4 Qe7 33. f5 Bg8 34. e6 h5
35. Bd4+ Kh7 36. fxg6+ Kxg6 37. gxh5+ Kh7 38. Qg4 1-0

[Event "4NCL/Div4/WOB vs. SCS"]
[Site "Wokefield Park ENG"]
[Date "2008.05.04"]
[Round "10.4"]
[White "Sathyanandha, Saravanan"]
[Black "Carpenter, Dai"]
[Result "1/2-1/2"]
[WhiteElo "1942"]
[BlackElo "1974"]
[PlyCount "55"]
[EventDate "2008.05.04"]
[EventType "team"]
[EventRounds "11"]
[EventCountry "ENG"]
[SourceDate "2007.09.15"]

1. e4 d5 2. exd5 Qxd5 3. Nc3 Qa5 4. d4 Nf6 5. Nf3 Bg4 6. Bc4 e6 7. O-O c6 8.
Qd3 Nbd7 9. Re1 O-O-O 10. Ng5 Bh5 11. a3 Nd5 12. b4 Bxb4 13. axb4 Qxa1 14. Na2
N7b6 15. Bd2 Qb2 16. Bc1 Nxb4 17. Bxb2 Nxd3 18. Bxd3 Rd5 19. Ne4 Rhd8 20. Nb4
Rxd4 21. Bxd4 Rxd4 22. c3 Rd7 23. Nc5 Rd8 24. Ra1 Nd5 25. Rxa7 Nxb4 26. cxb4
Rd4 27. Ra8+ Kc7 28. Ra7 1/2-1/2

[Event "4NCL/Div4/WOB vs. SCS"]
[Site "Wokefield Park ENG"]
[Date "2008.05.04"]
[Round "10.5"]
[White "Davies, Matthew"]
[Black "Lutton, J Arnold"]
[Result "1-0"]
[WhiteElo "1937"]
[BlackElo "1874"]
[PlyCount "69"]
[EventDate "2008.05.04"]
[EventType "team"]
[EventRounds "11"]
[EventCountry "ENG"]
[SourceDate "2007.09.15"]

1. d4 e6 2. c4 Be7 3. e4 c6 4. Nc3 d6 5. Nf3 Nd7 6. Be2 Nb6 7. O-O d5 8. b3
dxe4 9. Nxe4 Nf6 10. Nxf6+ Bxf6 11. Ba3 Qc7 12. Re1 Bd7 13. Rc1 O-O-O 14. Qc2
Kb8 15. Bf1 Bc8 16. Bb2 Ka8 17. b4 Qf4 18. Re4 Qb8 19. a4 Be7 20. Qb3 f6 21. g3
g5 22. Bg2 h5 23. a5 Nd7 24. b5 c5 25. Rxe6 Rh7 26. a6 Nb6 27. Rxb6 Qc7 28.
axb7+ Bxb7 29. Ra6 Bxa6 30. bxa6 Qb6 31. Qxb6 axb6 32. Nxg5+ Ka7 33. Nxh7 Rh8
34. Be4 Rd8 35. d5 1-0

[Event "4NCL/Div4/WOB vs. SCS"]
[Site "Wokefield Park ENG"]
[Date "2008.05.04"]
[Round "10.6"]
[White "Clarke, Sean A"]
[Black "Griffiths, Hywel"]
[Result "1-0"]
[WhiteElo "1875"]
[BlackElo "1693"]
[PlyCount "71"]
[EventDate "2008.05.04"]
[EventType "team"]
[EventRounds "11"]
[EventCountry "ENG"]
[SourceDate "2007.09.15"]

1. Nf3 Nf6 2. d4 g6 3. c4 Bg7 4. Nc3 d6 5. g3 Nbd7 6. Bg2 O-O 7. O-O Re8 8. e4
e5 9. d5 Nc5 10. Re1 a5 11. Qc2 Nh5 12. Be3 b6 13. Nd2 f5 14. Bxc5 bxc5 15.
exf5 Bxf5 16. Qd1 Qd7 17. Qa4 Nf6 18. Qxd7 Bxd7 19. Nde4 Rab8 20. b3 Rb4 21.
Reb1 a4 22. bxa4 Rxc4 23. Rb7 Rc8 24. a5 Rb4 25. a6 Rb6 26. Rxb6 cxb6 27. Nxd6
Ra8 28. Bf1 e4 29. Rb1 b5 30. Ndxe4 Nxe4 31. Nxe4 c4 32. Nc5 Be8 33. d6 Bc6 34.
a4 c3 35. axb5 c2 36. Rc1 1-0

[Event "4NCL/Div4/LIT1 vs. AMCAH"]
[Site "Wokefield Park ENG"]
[Date "2008.05.04"]
[Round "10.1"]
[White "Mansson, James C"]
[Black "Tart, Peter K"]
[Result "1-0"]
[WhiteElo "2172"]
[BlackElo "2020"]
[PlyCount "61"]
[EventDate "2008.05.04"]
[EventType "team"]
[EventRounds "11"]
[EventCountry "ENG"]
[SourceDate "2007.09.15"]

1. Nf3 b6 2. e4 Bb7 3. Nc3 e6 4. d4 Bb4 5. Bd3 c5 6. a3 Bxc3+ 7. bxc3 c4 8.
Bxc4 Bxe4 9. Qe2 Bb7 10. Bf4 Ne7 11. Bd3 Nd5 12. Bd2 Qc7 13. Ne5 Nf4 14. Qg4
Nxd3+ 15. cxd3 Nc6 16. Qxg7 O-O-O 17. Nxf7 d6 18. Qf6 Rhf8 19. Qxe6+ Rd7 20.
Nh6 Kb8 21. O-O Rg7 22. f3 Rg6 23. Qh3 Qg7 24. Rf2 Bc8 25. Qh4 Ne7 26. Re1 Nf5
27. Nxf5 Rxf5 28. Re7 Qf8 29. Qxh7 Rxf3 30. Qxg6 Rxf2 31. Qxd6+ 1-0

[Event "4NCL/Div4/LIT1 vs. AMCAH"]
[Site "Wokefield Park ENG"]
[Date "2008.05.04"]
[Round "10.2"]
[White "Tunstall, George"]
[Black "Jones, Christopher M"]
[Result "1/2-1/2"]
[WhiteElo "2000"]
[BlackElo "2145"]
[PlyCount "42"]
[EventDate "2008.05.04"]
[EventType "team"]
[EventRounds "11"]
[EventCountry "ENG"]
[SourceDate "2007.09.15"]

1. d4 d5 2. c4 c6 3. Nf3 Nf6 4. Nc3 e6 5. Bg5 Nbd7 6. cxd5 exd5 7. e3 Be7 8.
Bd3 h6 9. Bh4 O-O 10. Qc2 Re8 11. O-O Ne4 12. Bxe4 Bxh4 13. Bd3 Be7 14. Rfe1
Nf6 15. h3 Bd6 16. Rad1 Be6 17. a3 Qc7 18. Na4 Ne4 19. Bxe4 dxe4 20. Nd2 {=} f5
21. Nc5 Kh8 1/2-1/2

[Event "4NCL/Div4/LIT1 vs. AMCAH"]
[Site "Wokefield Park ENG"]
[Date "2008.05.04"]
[Round "10.3"]
[White "Hewitt, Sean D"]
[Black "Green, George D A"]
[Result "1/2-1/2"]
[WhiteElo "2005"]
[BlackElo "1965"]
[PlyCount "99"]
[EventDate "2008.05.04"]
[EventType "team"]
[EventRounds "11"]
[EventCountry "ENG"]
[SourceDate "2007.09.15"]

1. e4 e5 2. Bc4 Nf6 3. d3 Nc6 4. Nc3 Be7 5. f4 d6 6. Nf3 O-O 7. O-O Bg4 8. h3
Bxf3 9. Rxf3 Na5 10. Bb3 Nxb3 11. axb3 c6 12. Rg3 Kh8 13. Ne2 Nh5 14. Rf3 Nxf4
15. Bxf4 exf4 16. Nxf4 Bf6 17. d4 g6 18. c3 Bg7 19. Nd3 a6 20. Qe2 Qe7 21. Raf1
Rae8 22. Re3 Kg8 23. Re1 Qe6 24. e5 dxe5 25. Nxe5 Qd5 26. Qc2 Re6 27. Nd3 Rfe8
28. Rxe6 Rxe6 29. Rxe6 Qxe6 30. Qd1 b6 31. Kf2 a5 32. b4 axb4 33. Nxb4 Bf6 34.
Qf3 c5 35. dxc5 bxc5 36. Nd5 Bd8 37. Nf4 Qd6 38. g3 Qd2+ 39. Qe2 Qxe2+ 40. Kxe2
Kf8 41. Kd3 Ke7 42. Kc4 Kd6 43. Kb5 Bg5 44. Nd3 Be3 45. Kc4 f5 46. b4 cxb4 47.
cxb4 g5 48. b5 f4 49. gxf4 gxf4 50. b6 1/2-1/2

[Event "4NCL/Div4/LIT1 vs. AMCAH"]
[Site "Wokefield Park ENG"]
[Date "2008.05.04"]
[Round "10.4"]
[White "Marley, Andrew"]
[Black "Gibson, Christopher A"]
[Result "0-1"]
[WhiteElo "1840"]
[BlackElo "2039"]
[PlyCount "83"]
[EventDate "2008.05.04"]
[EventType "team"]
[EventRounds "11"]
[EventCountry "ENG"]
[SourceDate "2007.09.15"]

1. d4 Nf6 2. Nf3 e6 3. c4 b6 4. Bg5 Bb7 5. e3 c5 6. Nc3 cxd4 7. exd4 Be7 8. Bd3
O-O 9. O-O d5 10. Ne5 dxc4 11. Bxc4 Nc6 12. Ne2 Nb4 13. a3 Nbd5 14. Qd3 Nh5 15.
Bd2 Bg5 16. f4 Be7 17. f5 exf5 18. Rxf5 Nhf6 19. Raf1 Qd6 20. Bg5 Rad8 21. Qf3
Bc8 22. Bxf6 Nxf6 23. Rf4 Be6 24. Bxe6 Qxe6 25. Nc6 Rd7 26. Ng3 Bd6 27. Rh4 {=}
Bxg3 28. hxg3 Qd5 29. Qxd5 Nxd5 30. Re4 h6 31. Rfe1 Rc7 32. Ne7+ Nxe7 33. Rxe7
Rc2 34. b4 Rd8 35. Rxa7 Rxd4 36. Ree7 Rdd2 37. Rxf7 Rxg2+ 38. Kf1 Rxg3 39. Rfb7
Rf3+ 40. Ke1 Rg3 41. Kd1 Ra2 42. Rb8+ 0-1